Name the Alien Races by Picture - Statistics

General Stats
  • This quiz has been taken 35 times
  • The average score is 9 of 20
Answer Stats
Picture Answer % Correct
Hutt
90%
Xenomorph
84%
Klingon
74%
Vulcan
74%
Kryptonian
68%
Na'vi
68%
Jawa
65%
Martian
61%
Wookiee
48%
Skrull
42%
Mon Calamari
39%
Cardassian
35%
Cylon
35%
Gorn
29%
Ballchinian
23%
Grunka Lunka
13%
Krill
13%
Moclan
10%
Kaylon
6%
Sleestak
6%
No matching quizzes found
Score Distribution
Percent of People with Each Score
Percentile by Number Answered
Your Score History
You have not taken this quiz